Revista de Burarama (Registro n. 734)

Detalhes MARC
000 -LEADER
fixed length control field 00956nas a22002297a 4500
005 - DATE AND TIME OF LATEST TRANSACTION
control field 20260529151433.0
008 - FIXED-LENGTH DATA ELEMENTS--GENERAL INFORMATION
fixed length control field 260529b19962001pormr|p| |||| 00| z por d
040 ## - CATALOGING SOURCE
Transcribing agency BR-ViAPE
245 ## - TITLE STATEMENT
Title Revista de Burarama
260 ## - PUBLICATION, DISTRIBUTION, ETC.
Place of publication, distribution, etc. Distrito de Burarama (Cachoeiro de Itapemirim)
Name of publisher, distributor, etc. AMDB - Associação dos Moradores do Distrito de Burarama
Date of publication, distribution, etc. 1996-2001
300 ## - PHYSICAL DESCRIPTION
Extent v.
Other physical details il.
310 ## - CURRENT PUBLICATION FREQUENCY
Current publication frequency Mensal
362 ## - DATES OF PUBLICATION AND/OR SEQUENTIAL DESIGNATION
Dates of publication and/or sequential designation Ano 1, n. 12 (jul. 1996) - ano 7, n. 76 (nov. 2001).
500 ## - GENERAL NOTE
General note Disponibilizada apenas a imagem da capa na versão digital, em virtude de restrições de direitos autorais.
500 ## - GENERAL NOTE
General note Coleção incompleta: disponíveis apenas alguns números do periódico.
650 ## - SUBJECT ADDED ENTRY--TOPICAL TERM
Topical term or geographic name entry element Associação Moradores
General subdivision Social
-- Memórias
Geographic subdivision Espírito Santo
651 ## - SUBJECT ADDED ENTRY--GEOGRAPHIC NAME
Geographic name Espírito Santo (Brasil)
Form subdivision Periódicos
700 ## - ADDED ENTRY--PERSONAL NAME
Personal name Grillo, José Marcelo
Relator term Diretor
710 ## - ADDED ENTRY--CORPORATE NAME
Corporate name or jurisdiction name as entry element AMDB - Associação dos Moradores do Distrito de Burarama
942 ## - ADDED ENTRY ELEMENTS (KOHA)
Source of classification or shelving scheme Dewey Decimal Classification
Koha item type Periódicos
Suppress in OPAC Yes
Exemplares
Withdrawn status Lost status Source of classification or shelving scheme Damaged status Not for loan Home library Current library Date acquired Total checkouts Date last seen Price effective from Koha item type
    Dewey Decimal Classification     Hemeroteca Digital do Arquivo Público do Estado do Espírito Santo Hemeroteca Digital do Arquivo Público do Estado do Espírito Santo 05/29/2026   05/29/2026 05/29/2026 Periódicos